00729nam a2200241 a 4500001001300000003000900013005001700022008004100039020002300080082001800103100002000121245005000141260004400191300000900235500003500244505001000279650002700289700002000316902000800336942000700344952011900351999001700470nice12345678IN_TiNIC20260116014712.0120109s2012 lona grp 000 0 eng  a9780198077398c65000a954.025bCHA1 aChandra, Satish aState, Society, and Culture in Indian History aLondan bOxford University Press c2012 a191p aincludes index and biblioraphy2 aIndex aIndia-History-medieval1 aChandra, Satish bSRS cBK 001040708StackRoom-aHMIbHMId2012-01-09g650.00l0o954.025 CHA1p023800r2012-01-09v650.00w2012-01-09yBK c16540d16540